Copa Mundial de la FIFA 2022 - Estadísticas

Estadísticas generales
  • Esta prueba ha sido intentada 700 veces
    611 desde el último reinicio
  • La puntuación promedio es 28 de 32
Estadísticas de respuestas
Team % Correcto
Argentina
99%
Francia
96%
Catar
95%
España
95%
Japón
95%
México
95%
Alemania
94%
Brasil
94%
Inglaterra
94%
Portugal
94%
Ecuador
93%
Estados Unidos
93%
Países Bajos
93%
Polonia
93%
Arabia Saudita
92%
Uruguay
92%
Australia
91%
Corea del Sur
91%
Marruecos
90%
Senegal
90%
Costa Rica
88%
Croacia
87%
Canadá
86%
Bélgica
85%
Irán
83%
Suiza
83%
Camerún
82%
Dinamarca
81%
Ghana
81%
Serbia
77%
Gales
74%
Túnez
73%
No se encontraron pruebas coincidentes
Distribución de puntuación
Porcentaje de gente con cada puntuación
Porcentaje por número respondido
Historial de tus puntuaciones
No has intentado esta prueba desde el último reinicio